000
00297nam a22001217a 4500
040
_c
339
082
_a
339 ROB 1985 C090
100
_a
ROBERT SUGDEN
245
_a
The principles of practical cost-benefit analysis
260
_a
Phnom Penh
_b
ROB
_c
1985
300
_a
275p.
_b
ill.
_c
29cm.
942
_c
EK
999
_c
11116
_d
11116